[Event "The Son of Sorrow '08!"]
[Site "SchemingMind.com"]
[Date "2008.02.02"]
[Round "-"]
[White "smothered mate"]
[Black "Malfurion"]
[Result "0-1"]
[WhiteCountry "POL"]
[BlackCountry "USA"]
[WhiteElo "1964"]
[WhiteRD "53"]
[BlackElo "2047"]
[BlackRD "81"]
[GameID "139777"]

1. d4 Nf6 2. c4 c5 3. e3 e6 4. Nc3 d5 5. Nf3 Nc6 6. a3 a6 7. dxc5 Bxc5 8. b4 Bd6 9. c5 Bc7 10. Bb2 O-O
11. g4 Nxg4 12. Rg1 f5 13. h3 Nge5 14. Nxe5 Bxe5 15. Qe2 Qf6 16. Rc1 d4 17. Na4 dxe3 18. Bxe5 exf2+ 19. Kxf2 Nxe5 20. Nb6 Bd7
21. Nxa8 Qh4+ 22. Kg2 Bc6+ 23. Kh2 Qf4+ 24. Rg3 Nf3+
0-1

[Event "The Son of Sorrow '08!"]
[Site "SchemingMind.com"]
[Date "2008.02.02"]
[Round "-"]
[White "Malfurion"]
[Black "smothered mate"]
[Result "1-0"]
[WhiteCountry "USA"]
[BlackCountry "POL"]
[WhiteElo "2119"]
[WhiteRD "75"]
[BlackElo "1938"]
[BlackRD "52"]
[GameID "139778"]

1. d4 Nf6 2. c4 c5 3. d5 Ne4 4. e3 Qa5+ 5. Nd2 g6 6. Bd3 Nd6 7. Ne2 b5 8. O-O bxc4 9. Nxc4 Nxc4 10. Bxc4 Ba6
11. Bd2 Qb6 12. Bxa6 Nxa6 13. Bc3 f6 14. Qa4 Bg7 15. Nf4 Qb7 16. Ne6 Kf7 17. Nxg7 Kxg7 18. a3 d6 19. h4 h5 20. e4 Rab8
21. f4 Qb5 22. Qd1 Qb3 23. Qd3 c4 24. Qg3 Kf7 25. e5 Rhg8 26. Rae1 Nc5 27. exf6 exf6 28. f5 Rbd8 29. Qe3 Qb7 30. Qh6 Rd7
31. fxg6+ Rxg6 32. Rxf6+ Rxf6 33. Qxf6+ Kg8 34. Re8+ Kh7 35. Rh8#
1-0

[Event "The Son of Sorrow '08!"]
[Site "SchemingMind.com"]
[Date "2008.02.11"]
[Round "-"]
[White "Stavrogin"]
[Black "smothered mate"]
[Result "1-0"]
[WhiteCountry "GER"]
[BlackCountry "POL"]
[WhiteElo "2161"]
[WhiteRD "81"]
[BlackElo "1964"]
[BlackRD "53"]
[GameID "140702"]

1. d4 Nf6 2. c4 c5 3. Nf3 Ne4 4. e3 Qa5+ 5. Bd2 Nxd2 6. Nbxd2 a6 7. Bd3 Nc6 8. O-O Nb4 9. Nb3 Qc7 10. Nxc5 Nxd3
11. Qxd3 d6 12. Nb3 g6 13. c5 Bg7 14. Rac1 Bg4 15. cxd6 Qxd6 16. Qe4 Bxf3 17. Qxf3 Rb8 18. Rc5 O-O 19. Rfc1 h6 20. Rc7 Qb4
21. R7c4 Qd6 22. Qg3 Qd7 23. Qc7 Qe6 24. Nc5 Qd6 25. Qxd6 exd6 26. Nd7
1-0

[Event "The Son of Sorrow '08!"]
[Site "SchemingMind.com"]
[Date "2008.02.11"]
[Round "-"]
[White "Stavrogin"]
[Black "Malfurion"]
[Result "0-1"]
[WhiteCountry "GER"]
[BlackCountry "USA"]
[WhiteElo "1912"]
[WhiteRD "62"]
[BlackElo "2205"]
[BlackRD "69"]
[GameID "140703"]

1. d4 Nf6 2. c4 c5 3. Nf3 cxd4 4. Nxd4 e5 5. Nb5 d5 6. cxd5 Bc5 7. N5c3 O-O 8. g3 Ng4 9. e3 f5 10. Be2 Nf6
11. a3 Nbd7 12. b4 Bd6 13. Nd2 Nb6 14. Nc4 Nxc4 15. Bxc4 Bd7
0-1

[Event "The Son of Sorrow '08!"]
[Site "SchemingMind.com"]
[Date "2008.02.11"]
[Round "-"]
[White "smothered mate"]
[Black "Stavrogin"]
[Result "1-0"]
[WhiteCountry "POL"]
[BlackCountry "GER"]
[WhiteElo "1913"]
[WhiteRD "52"]
[BlackElo "1912"]
[BlackRD "62"]
[GameID "140704"]

1. d4 Nf6 2. c4 c5 3. e3 g6 4. Nc3 Bg7 5. Bd3 O-O 6. Nge2 d5 7. cxd5 cxd4 8. Nxd4 Nxd5 9. O-O Nc6 10. Nce2 Nxd4
11. Nxd4 e5 12. Ne2 Be6 13. Bd2 Qb6 14. Rb1 Rfd8 15. Qe1 Nb4 16. Bxb4 Rxd3 17. a3 Bc4 18. Kh1 a5 19. Bc3 a4 20. Rg1 Qa6
21. Ng3 Rad8 22. Ne4 Qb5 23. f4 f5 24. Nf2 R3d7 25. Nh3 Bd3 26. Rc1 Re8 27. Qh4 exf4 28. Bxg7 Rxg7 29. exf4 Qxb2 30. Ra1 Be4
31. Qf2 Qxf2 32. Nxf2 Bc6 33. Nd3 Re4 34. Rgf1 Bb5 35. Rf3 Bxd3 36. Rxd3 Rxf4 37. Kg1 Rc7 38. g3 Re4 39. Rad1 b5 40. Rb1 Rb7
41. Rb4
1-0

[Event "The Son of Sorrow '08!"]
[Site "SchemingMind.com"]
[Date "2008.02.11"]
[Round "-"]
[White "Malfurion"]
[Black "Stavrogin"]
[Result "1-0"]
[WhiteCountry "USA"]
[BlackCountry "GER"]
[WhiteElo "2205"]
[WhiteRD "69"]
[BlackElo "1912"]
[BlackRD "62"]
[GameID "140705"]

1. d4 Nf6 2. c4 c5 3. d5 e6 4. Nc3 exd5 5. cxd5 d6 6. e4 g6 7. f4 Bg7 8. Bb5+ Nfd7 9. a4 Qh4+ 10. g3 Qd8
11. Nf3 O-O 12. O-O a6 13. Be2 Re8 14. Re1 b6 15. Bf1 Ra7 16. Bd2
1-0

[Event "The Son of Sorrow '08!"]
[Site "SchemingMind.com"]
[Date "2008.02.08"]
[Round "-"]
[White "mmccaffe"]
[Black "smothered mate"]
[Result "0-1"]
[WhiteCountry "USA"]
[BlackCountry "POL"]
[WhiteElo "1576"]
[WhiteRD "52"]
[BlackElo "1964"]
[BlackRD "53"]
[GameID "140849"]

1. d4 Nf6 2. c4 c5 3. d5 Ne4 4. f3 Qa5+ 5. Nd2 Nd6 6. b3 b5 7. e4 g6 8. e5 Nf5 9. Bb2 Bg7 10. Qe2 bxc4
11. bxc4 Na6 12. g4 Nd4 13. Bxd4 cxd4 14. f4 Nb4 15. Ndf3 Nd3+ 16. Kd1 Nxf4 17. Qc2 d6 18. exd6 d3
0-1

[Event "The Son of Sorrow '08!"]
[Site "SchemingMind.com"]
[Date "2008.02.12"]
[Round "-"]
[White "mmccaffe"]
[Black "Stavrogin"]
[Result "1-0"]
[WhiteCountry "USA"]
[BlackCountry "GER"]
[WhiteElo "1661"]
[WhiteRD "51"]
[BlackElo "1912"]
[BlackRD "62"]
[GameID "140850"]

1. d4 Nf6 2. c4 c5 3. d5 b5 4. cxb5 a6 5. e3 g6 6. Nc3 Bg7 7. Nf3 O-O 8. a4 d6 9. Be2 axb5 10. Bxb5 Ba6
11. O-O Bxb5 12. Nxb5
1-0

[Event "The Son of Sorrow '08!"]
[Site "SchemingMind.com"]
[Date "2008.02.08"]
[Round "-"]
[White "mmccaffe"]
[Black "Malfurion"]
[Result "0-1"]
[WhiteCountry "USA"]
[BlackCountry "USA"]
[WhiteElo "1661"]
[WhiteRD "51"]
[BlackElo "2205"]
[BlackRD "69"]
[GameID "140851"]

1. d4 Nf6 2. c4 c5 3. d5 g6 4. Nc3 Bg7 5. e4 d6 6. f3 O-O 7. Be3 e6 8. Qd2 exd5 9. cxd5 a6 10. O-O-O Re8
11. Bd3 b5 12. Kb1 b4 13. Nce2 Nbd7 14. g4 Ne5 15. h3 a5 16. f4 Nxd3 17. Qxd3 Nxe4 18. Nf3 Ba6 19. Qc2 Nc3+ 20. bxc3 Rxe3
21. Nfg1 bxc3
0-1

[Event "The Son of Sorrow '08!"]
[Site "SchemingMind.com"]
[Date "2008.02.07"]
[Round "-"]
[White "smothered mate"]
[Black "mmccaffe"]
[Result "1-0"]
[WhiteCountry "POL"]
[BlackCountry "USA"]
[WhiteElo "1964"]
[WhiteRD "53"]
[BlackElo "1576"]
[BlackRD "52"]
[GameID "140852"]

1. d4 Nf6 2. c4 c5 3. e3 g6 4. Nc3 cxd4 5. exd4 d5 6. Bf4 Bg7 7. Nf3 O-O 8. Bd3 Nc6 9. c5 Bf5 10. Bxf5 gxf5
11. Ng5 Ne4 12. Ncxe4 dxe4 13. Qh5 h6 14. h4 Qxd4 15. Rh3 Qxb2 16. Rd1 hxg5 17. hxg5 f6 18. g6 Qb4+ 19. Bd2
1-0

[Event "The Son of Sorrow '08!"]
[Site "SchemingMind.com"]
[Date "2008.02.07"]
[Round "-"]
[White "Malfurion"]
[Black "mmccaffe"]
[Result "1-0"]
[WhiteCountry "USA"]
[BlackCountry "USA"]
[WhiteElo "2205"]
[WhiteRD "69"]
[BlackElo "1661"]
[BlackRD "51"]
[GameID "140854"]

1. d4 Nf6 2. c4 c5 3. d5 e6 4. Nc3 exd5 5. cxd5 d6 6. e4 g6 7. f4 Bg7 8. Bb5+ Bd7 9. e5 dxe5 10. fxe5 Bxb5
11. exf6 Bxf6 12. Nxb5 Qa5+ 13. Nc3 Bxc3+ 14. bxc3 Qxc3+ 15. Bd2 Qd4 16. Nf3 Qxd5 17. Qe2+ Qe6 18. Qxe6+ fxe6 19. O-O Nc6 20. Ng5 Ke7
21. Rf7+ Kd6 22. Rxb7 h6 23. Nf7+ Kd5 24. Nxh8
1-0

[Event "The Son of Sorrow '08!"]
[Site "SchemingMind.com"]
[Date "2008.02.08"]
[Round "-"]
[White "fouche"]
[Black "smothered mate"]
[Result "0-1"]
[WhiteCountry "COL"]
[BlackCountry "POL"]
[WhiteElo "1676"]
[WhiteRD "67"]
[BlackElo "1964"]
[BlackRD "53"]
[GameID "140943"]

1. d4 Nf6 2. c4 c5 3. d5 Ne4 4. f3 Qa5+ 5. Bd2 Nxd2 6. Qxd2 Qxd2+ 7. Nxd2 g6 8. e4 Bg7 9. Rb1 d6 10. Bd3 O-O
11. Ne2 Nd7 12. f4 f5 13. Nf3 fxe4 14. Bxe4 Nf6 15. Bd3 b5 16. b3 Bf5 17. Kd2 Ne4+ 18. Ke3 Nf2 19. Bxf5 Nxh1 20. Be6+ Kh8
21. Rxh1 bxc4 22. bxc4 Rab8 23. Ng5 h6 24. Nf7+ Kh7 25. Nc3 Bxc3 26. g4 Kg7 27. h4 Bd4+ 28. Ke4 Rxf7 29. Bxf7 Kxf7
0-1

[Event "The Son of Sorrow '08!"]
[Site "SchemingMind.com"]
[Date "2008.02.12"]
[Round "-"]
[White "fouche"]
[Black "Stavrogin"]
[Result "1-0"]
[WhiteCountry "COL"]
[BlackCountry "GER"]
[WhiteElo "1723"]
[WhiteRD "70"]
[BlackElo "1912"]
[BlackRD "62"]
[GameID "140944"]

1. d4 Nf6 2. c4 c5 3. d5 b5 4. e3 g6 5. Nf3 Bg7 6. Bd3 O-O 7. O-O b4 8. e4 d6 9. Re1 Bg4 10. Nbd2 Nbd7
11. h3 Ne5 12. Qe2 Bxf3 13. Nxf3 Nfd7 14. Rb1 Nxf3+ 15. Qxf3 Qa5 16. Bg5 f6 17. Bh4 Qxa2 18. b3 a5 19. Re2 Qa3 20. Rd2 a4
21. Qd1
1-0

[Event "The Son of Sorrow '08!"]
[Site "SchemingMind.com"]
[Date "2008.02.08"]
[Round "-"]
[White "fouche"]
[Black "Malfurion"]
[Result "0-1"]
[WhiteCountry "COL"]
[BlackCountry "USA"]
[WhiteElo "1723"]
[WhiteRD "70"]
[BlackElo "2205"]
[BlackRD "69"]
[GameID "140945"]

1. d4 Nf6 2. c4 c5 3. d5 g6 4. Nc3 Bg7 5. e4 O-O 6. f4 d6 7. Bd3 e6 8. Nf3 exd5 9. exd5 Re8+ 10. Kf2 a6
11. Re1 Bd7 12. Ne4 Nxe4+ 13. Bxe4 b5 14. Qc2 bxc4 15. Qxc4 Bb5 16. Qc2 f5 17. Bd3 Rxe1 18. Kxe1 Nd7 19. Bd2 Qb6 20. Rb1 Re8+
21. Kd1 Nf6 22. Bc4 Bxc4 23. Qxc4 Qb7 24. Kc2 Nxd5 25. Ng5 h6 26. Nf3 Kh7 27. h3 Re4 28. Qd3 c4 29. Qa3 Re2 30. Qxd6 Ne3+
31. Kc1 Qe4
0-1

[Event "The Son of Sorrow '08!"]
[Site "SchemingMind.com"]
[Date "2008.02.08"]
[Round "-"]
[White "fouche"]
[Black "mmccaffe"]
[Result "1-0"]
[WhiteCountry "COL"]
[BlackCountry "USA"]
[WhiteElo "1676"]
[WhiteRD "67"]
[BlackElo "1576"]
[BlackRD "52"]
[GameID "140946"]

1. d4 Nf6 2. c4 c5 3. d5 e6 4. Nc3 exd5 5. cxd5 d6 6. e4 g6 7. Bd3 Bg7 8. f4 O-O 9. Nf3 Bg4 10. O-O a6
11. h3 Bxf3 12. Qxf3 Nbd7 13. Bd2 b5 14. Rae1 c4 15. Bc2 Nc5 16. b4 Nb3 17. axb3
1-0

[Event "The Son of Sorrow '08!"]
[Site "SchemingMind.com"]
[Date "2008.02.08"]
[Round "-"]
[White "smothered mate"]
[Black "fouche"]
[Result "1-0"]
[WhiteCountry "POL"]
[BlackCountry "COL"]
[WhiteElo "1964"]
[WhiteRD "53"]
[BlackElo "1676"]
[BlackRD "67"]
[GameID "140947"]

1. d4 Nf6 2. c4 c5 3. e3 d6 4. Nc3 g6 5. Bd3 Bg7 6. Nge2 O-O 7. O-O Nbd7 8. Bd2 b6 9. d5 e5 10. f4 Re8
11. f5 e4 12. Bc2 a6 13. Ng3 Ne5 14. fxg6 fxg6 15. Qe2 Bg4 16. Qf2 Nxc4 17. Ngxe4 Nxe4 18. Qf7+ Kh8 19. Nxe4 Bf5 20. Rxf5 gxf5
21. Qxf5 Rxe4 22. Bxe4 Qh4 23. Bc3 Rf8 24. Qxf8#
1-0

[Event "The Son of Sorrow '08!"]
[Site "SchemingMind.com"]
[Date "2008.02.12"]
[Round "-"]
[White "Stavrogin"]
[Black "fouche"]
[Result "1-0"]
[WhiteCountry "GER"]
[BlackCountry "COL"]
[WhiteElo "2204"]
[WhiteRD "81"]
[BlackElo "1714"]
[BlackRD "70"]
[GameID "140948"]

1. d4 Nf6 2. c4 c5 3. Nf3 e6 4. Nc3 d5 5. cxd5 exd5 6. g3 Bg4 7. Bg2 Bd6 8. dxc5 Bxc5 9. Ne5 O-O 10. Nxg4 Nc6
11. Nxf6+ Qxf6 12. O-O d4 13. Ne4 Qe7 14. Bg5 f6 15. Bf4 Ne5 16. Nxc5 Qxc5 17. Rc1 Qb4 18. Bxe5 fxe5 19. Qb3+ Qxb3 20. axb3 Rab8
21. Rc7 Rf7 22. Bd5
1-0

[Event "The Son of Sorrow '08!"]
[Site "SchemingMind.com"]
[Date "2008.02.08"]
[Round "-"]
[White "Malfurion"]
[Black "fouche"]
[Result "1-0"]
[WhiteCountry "USA"]
[BlackCountry "COL"]
[WhiteElo "2205"]
[WhiteRD "69"]
[BlackElo "1723"]
[BlackRD "70"]
[GameID "140949"]

1. d4 Nf6 2. c4 c5 3. d5 e5 4. g3 d6 5. Nc3 Na6 6. e4 Nc7 7. Bg5 Be7 8. Bh3 Bd7 9. Bxd7+ Qxd7 10. Bxf6 Bxf6
11. Qb3 b6 12. Nb5 Nxb5 13. Qxb5 Bg5 14. Qxd7+ Kxd7 15. h4 Be7 16. Ke2 Rhb8 17. a4 a6 18. Nf3 b5 19. axb5 axb5 20. cxb5 Rxa1
21. Rxa1 Rxb5 22. Ra2 Rb7 23. Nd2 Bd8 24. Nc4 Rb4 25. Kd3 g5 26. Ra7+ Bc7 27. hxg5 Kc8 28. Kc3 Kb8 29. Ra1 Bd8 30. Rh1 Bxg5
31. Rxh7 f5 32. exf5
1-0

[Event "The Son of Sorrow '08!"]
[Site "SchemingMind.com"]
[Date "2008.02.08"]
[Round "-"]
[White "mmccaffe"]
[Black "fouche"]
[Result "0-1"]
[WhiteCountry "USA"]
[BlackCountry "COL"]
[WhiteElo "1661"]
[WhiteRD "51"]
[BlackElo "1723"]
[BlackRD "70"]
[GameID "140950"]

1. d4 Nf6 2. c4 c5 3. d5 e5 4. Nc3 d6 5. e4 Na6 6. a3 Nc7 7. Bd3 a6 8. Bg5 Be7 9. f4 O-O 10. fxe5 dxe5
11. Nf3 Qd6 12. Qd2 Bd7 13. O-O-O Rab8 14. Bxf6 Bxf6 15. g4 h6 16. g5 Bxg5 17. Nxg5 hxg5 18. Qxg5 b5 19. Rdg1 g6 20. h4 Kg7
21. h5 Rh8 22. Ne2 Rbe8 23. Ng3 Qe7 24. Nf5+ Bxf5 25. exf5 Qxg5+ 26. Rxg5 e4 27. h6+ Rxh6 28. f6+ Kh7 29. Bxe4 Rxe4
0-1

[Event "The Son of Sorrow '08!"]
[Site "SchemingMind.com"]
[Date "2008.02.08"]
[Round "-"]
[White "Keith Kelchner"]
[Black "fouche"]
[Result "0-1"]
[WhiteCountry "USA"]
[BlackCountry "COL"]
[WhiteElo "1711"]
[WhiteRD "84"]
[BlackElo "1723"]
[BlackRD "70"]
[GameID "140968"]

1. d4 Nf6 2. c4 c5 3. dxc5 Nc6 4. Bd2 g6 5. Bc3 Bg7 6. e3 O-O 7. Bd3 a5 8. Nf3 Qc7 9. O-O Nb4 10. Be2 Qxc5
11. a3 Nc6 12. h3 d6 13. Nbd2 Bf5 14. Nb3 Qa7 15. Nbd4 Rad8 16. Nxf5 gxf5 17. Ng5 h6 18. Nf3 e5 19. Nh4 f4 20. exf4 Ne4
21. Bd2 Nxd2 22. Qxd2 Nd4 23. Bd1 Rfe8 24. Rb1 Qc5 25. Qd3 e4 26. b4 axb4 27. axb4 Qc7
0-1

[Event "The Son of Sorrow '08!"]
[Site "SchemingMind.com"]
[Date "2008.02.09"]
[Round "-"]
[White "Keith Kelchner"]
[Black "smothered mate"]
[Result "0-1"]
[WhiteCountry "USA"]
[BlackCountry "POL"]
[WhiteElo "1746"]
[WhiteRD "84"]
[BlackElo "1964"]
[BlackRD "53"]
[GameID "140969"]

1. d4 Nf6 2. c4 c5 3. dxc5 e5 4. b4 a5 5. Bd2 axb4 6. Bxb4 Nc6 7. Bd2 Bxc5 8. e3 O-O 9. Nc3 d6 10. Nb5 Bf5
11. Qf3 Be4 12. Qd1 Nb4 13. Ke2 Bc2 14. Qc1 Bd3+ 15. Ke1 Nc2+ 16. Kd1 Bxf1 17. Qxc2 Bxg2 18. Ke2 Bxh1 19. f3 e4 20. f4 Qd7
21. Qd1 Qg4+
0-1

[Event "The Son of Sorrow '08!"]
[Site "SchemingMind.com"]
[Date "2008.02.12"]
[Round "-"]
[White "Keith Kelchner"]
[Black "Stavrogin"]
[Result "1-0"]
[WhiteCountry "USA"]
[BlackCountry "GER"]
[WhiteElo "1711"]
[WhiteRD "84"]
[BlackElo "1912"]
[BlackRD "62"]
[GameID "140970"]

1. d4 Nf6 2. c4 c5 3. dxc5 e6 4. Be3 Qc7 5. Nf3 Bxc5 6. Bxc5 Qxc5 7. e3 b6 8. Bd3 Bb7 9. Nc3 O-O 10. O-O d5
11. cxd5 Nxd5 12. Nxd5 Qxd5 13. Qc2 h6 14. Be4 Qxe4 15. Qxe4
1-0

[Event "The Son of Sorrow '08!"]
[Site "SchemingMind.com"]
[Date "2008.02.09"]
[Round "-"]
[White "Keith Kelchner"]
[Black "Malfurion"]
[Result "0-1"]
[WhiteCountry "USA"]
[BlackCountry "USA"]
[WhiteElo "1711"]
[WhiteRD "84"]
[BlackElo "2205"]
[BlackRD "69"]
[GameID "140971"]

1. d4 Nf6 2. c4 c5 3. dxc5 e6 4. b4 a5 5. Ba3 axb4 6. Bxb4 Nc6 7. Bd2 Bxc5 8. e3 O-O 9. Nf3 Ne4 10. Bd3 Qf6
11. Bxe4 Qxa1 12. Qb3 Qxa2 13. Qxa2 Rxa2 14. O-O f5 15. Bd3 Bb4 16. h3 b6 17. Nc3 Rxd2 18. Nxd2 Bxc3 19. Nf3 Ne5 20. Nxe5 Bxe5
21. Rb1 Bc7 22. Ra1 Bb7 23. Ra7 Rb8
0-1

[Event "The Son of Sorrow '08!"]
[Site "SchemingMind.com"]
[Date "2008.02.12"]
[Round "-"]
[White "Keith Kelchner"]
[Black "mmccaffe"]
[Result "1-0"]
[WhiteCountry "USA"]
[BlackCountry "USA"]
[WhiteElo "1707"]
[WhiteRD "85"]
[BlackElo "1630"]
[BlackRD "50"]
[GameID "140972"]

1. d4 Nf6 2. c4 c5 3. dxc5 Qa5+ 4. Nd2 g6 5. e3 Qxc5 6. Ngf3 Bg7 7. Nb3 Qc7 8. Be2 O-O 9. Bd2 d5 10. Qc1 dxc4
11. Bxc4 Bg4 12. Bxf7+
1-0

[Event "The Son of Sorrow '08!"]
[Site "SchemingMind.com"]
[Date "2008.02.09"]
[Round "-"]
[White "fouche"]
[Black "Keith Kelchner"]
[Result "1-0"]
[WhiteCountry "COL"]
[BlackCountry "USA"]
[WhiteElo "1714"]
[WhiteRD "70"]
[BlackElo "1707"]
[BlackRD "85"]
[GameID "140973"]

1. d4 Nf6 2. c4 c5 3. d5 d6 4. Nc3 e6 5. e4 e5 6. Bd3 a6 7. f4 Nbd7 8. Nf3 h6 9. O-O Be7 10. fxe5 Nxe5
11. Nxe5 O-O 12. Nf3 Bd7 13. Bf4 Qb6 14. Rb1 Qd8 15. Qc2 g5 16. Be3 Qe8 17. e5 Ng4 18. Bd2 dxe5 19. h3 Nf6 20. Nxe5 Bd6
21. Nxd7 Qxd7 22. Rxf6
1-0

[Event "The Son of Sorrow '08!"]
[Site "SchemingMind.com"]
[Date "2008.02.08"]
[Round "-"]
[White "smothered mate"]
[Black "Keith Kelchner"]
[Result "1-0"]
[WhiteCountry "POL"]
[BlackCountry "USA"]
[WhiteElo "1964"]
[WhiteRD "53"]
[BlackElo "1746"]
[BlackRD "84"]
[GameID "140974"]

1. d4 Nf6 2. c4 c5 3. e3 cxd4 4. exd4 d5 5. Nc3 h6 6. Bf4 Nc6 7. Nb5 e5 8. dxe5 a6 9. cxd5 Nxd5 10. Qxd5 Qa5+
11. Bd2 Qxb5 12. Bxb5
1-0

[Event "The Son of Sorrow '08!"]
[Site "SchemingMind.com"]
[Date "2008.02.12"]
[Round "-"]
[White "Stavrogin"]
[Black "Keith Kelchner"]
[Result "0-1"]
[WhiteCountry "GER"]
[BlackCountry "USA"]
[WhiteElo "1912"]
[WhiteRD "62"]
[BlackElo "1711"]
[BlackRD "84"]
[GameID "140975"]

1. d4 Nf6 2. c4 c5 3. Nf3 cxd4 4. Nxd4 e5 5. Nb5 d6 6. N1c3 a6 7. Na3 Be7 8. e4 Bd7 9. Be2 Nc6 10. O-O h6
11. Nc2 Be6 12. Ne3 O-O 13. Ned5 Nd4 14. Be3 Nxe2+
0-1

[Event "The Son of Sorrow '08!"]
[Site "SchemingMind.com"]
[Date "2008.02.08"]
[Round "-"]
[White "Malfurion"]
[Black "Keith Kelchner"]
[Result "1-0"]
[WhiteCountry "USA"]
[BlackCountry "USA"]
[WhiteElo "2047"]
[WhiteRD "81"]
[BlackElo "1746"]
[BlackRD "84"]
[GameID "140976"]

1. d4 Nf6 2. c4 c5 3. d5 d6 4. Nc3 Nbd7 5. e4 Nb6 6. f4 e6 7. Nf3 Bd7 8. Bd3 h6 9. e5 dxe5 10. fxe5 Nh7
11. O-O a6 12. Qc2 g6 13. Bxg6 fxg6 14. Qxg6+ Ke7 15. d6#
1-0

[Event "The Son of Sorrow '08!"]
[Site "SchemingMind.com"]
[Date "2008.02.08"]
[Round "-"]
[White "mmccaffe"]
[Black "Keith Kelchner"]
[Result "1-0"]
[WhiteCountry "USA"]
[BlackCountry "USA"]
[WhiteElo "1661"]
[WhiteRD "51"]
[BlackElo "1711"]
[BlackRD "84"]
[GameID "140977"]

1. d4 Nf6 2. c4 c5 3. d5 d6 4. Nc3 g6 5. e4 Nbd7 6. f3 Bg7 7. Be3 Qb6 8. Qd2 O-O 9. g4 Qd8 10. Bd3 Ne5
11. g5 Nfd7 12. h4 Nxd3+ 13. Qxd3 Ne5 14. Qe2 Bd7 15. Nh3 a6 16. h5 e6 17. hxg6 hxg6 18. Nf2
1-0